Historia Obrera : Organo del Centro de Estudios Históricos del Movimiento Obrero Mexicano : segunda época, volumen 3, número 9, julio de 1977 /

Guardat en:
Dades bibliogràfiques
Autor corporatiu: Centro de Estudios Históricos del Movimiento Obrero Mexicano
Altres autors: Ojeda Paullada, Pedro (dirección) (dirección)
Format: Llibre
Idioma:espanyol
Publicat: México : Centro de Estudios Históricos del Movimiento Obrero Mexicano, 1977
Col·lecció:(Historia Obrera ; 2/9)
Matèries:
Etiquetes: Afegir etiqueta
Sense etiquetes, Sigues el primer a etiquetar aquest registre!

MARC

LEADER 00000nam^a2200000^a^4500
001 000630163
005 20260410000000.0
009 20260410195516.996
037 |a Acervo ITESO - Biblioteca 
041 |a ESP 
082 |a 322. 2  |b CEN S. 2 V. 9 
110 |a Centro de Estudios Históricos del Movimiento Obrero Mexicano 
240 1 1 |a [Historia Obrera] 
245 1 0 |a Historia Obrera :  |b Organo del Centro de Estudios Históricos del Movimiento Obrero Mexicano : segunda época, volumen 3, número 9, julio de 1977 /  |c Dir. de P. Ojeda Paullada. 
264 4 |a México :  |b Centro de Estudios Históricos del Movimiento Obrero Mexicano,  |c 1977 
300 |a 66 p. 
336 |a texto  |b txt  |2 rdacontenido 
337 |a sin mediación  |b n  |2 rdamedio 
338 |a volumen  |b nc  |2 rdasoporte 
440 1 |a (Historia Obrera ;  |v 2/9) 
567 |a Catalogación rápida 
649 |a XX 
650 |a Obreros -  |z México -  |x Historia 
650 |a Huelgas y Paros -  |z México -  |x Historia 
650 |a Movimientos Obreros -  |z México -  |x Publicaciones Periódicas -  |x Tema Principal 
650 |a Movimientos Obreros -  |z México -  |x Historia -  |x Tema Principal 
650 |a Movimientos Sociales -  |z México -  |x Historia 
650 |a Anarquismo -  |x Historia 
650 |a Política -  |z México -  |x Historia 
650 |a Política -  |x Publicaciones Periódicas Mexicanas 
650 |a Publicaciones Periódicas Mexicanas 
650 |a Publicaciones Periódicas 
700 |a Ojeda Paullada, Pedro  |e (dirección) 
910 |a Fondo Castillo-Martínez 
920 |a Impresos - Libros 
930 |a Fondos Especiales 
905 |a 127 
901 |a 630163-10  |b IT2  |c ESP  |i D124087  |u 20260410 
902 |a https://opac.biblio.iteso.mx/vufind/Record/000630163